Külkereskedelem <a> Magyar Kereskedelmi Kamara folyóirata
Saved in:
| Format: | Serial |
|---|---|
| Language: | Hungarian |
| Published: |
Budapest
Magyar Kereskedelmi Kamara
|
| Tags: |
No Tags, Be the first to tag this record!
|
MARC
| LEADER | 00000nas1a2200000$$$4500 | ||
|---|---|---|---|
| 001 | 0010813 | ||
| 005 | 20250730114820.0 | ||
| 022 | |a 0454-577X | ||
| 041 | 0 | |a hun | |
| 044 | |a HU | ||
| 245 | 1 | 0 | |a Külkereskedelem |b <a> Magyar Kereskedelmi Kamara folyóirata |
| 264 | 1 | |a Budapest |b Magyar Kereskedelmi Kamara | |
| 500 | |a SZP urobený podľa informácií ZDB Berlín | ||